000 00861cam a2200217 4500
001 WB3621-01
008 000000n2000 000 0 eng u
035 _a(Sirsi) u106168
245 2 _aA blueprint for constructing defensive walls
260 _c2000
490 _aFinancial Times
_v 30 May 2000 30 (1)
520 _aTwo important sectors of the construction industry, contractors and housebuilders have remained resistant to the changes that have affected other areas of the industry. They remain fragmented by factors which include the ease of entry into the market by newcomers and the presence of strong-minded businessmen.
590 _aWB
650 _aCONSTRUCTION INDUSTRY
650 _aHOUSE BUILDING
650 _aCONTRACTING
650 _aCONSOLIDATION
650 _aCONSTRUCTION COMPANIES
690 _aBUILT ENVIRONMENT
942 _n0
999 _c63603
_d63603